[Event "BRA-ch U26"]
[Site "Joinville"]
[Date "2023.10.12"]
[Round "5"]
[White "Assis, Lucas Dos Anjos"]
[Black "Da Silva, Lucas Gabriel Mendo"]
[Result "1-0"]
[WhiteElo "1800"]
[BlackElo "1800"]
[PlyCount "83"]
[EventDate "2023.10.09"]
[EventType "swiss"]
[EventRounds "6"]
[EventCountry "BRA"]
[SourceTitle "Mega2024 Update 01"]
[Source "Chessbase"]
[SourceDate "2023.11.12"]
[SourceVersion "1"]
[SourceVersionDate "2023.11.12"]
[SourceQuality "1"]

1. e4 e5 2. Nf3 d6 3. Bc4 Nf6 4. d3 Qe7 5. c3 Be6 6. Bb5+ Bd7 7. Bc4 a6 8. Bb3 Nc6 9. Ng5 Be6 10. Nxe6 fxe6 11. 0-0 d5 12. Nd2 0-0-0 13. Qe2 d4 14. Nf3 Kb8 15. Ng5 Rd6 16. f4 exf4 17. Bxf4 e5 18. Nf7 exf4 19. Nxh8 g5 20. Nf7 Rd7 21. Nxg5 Bh6 22. Nf3 Ng4 23. Nxd4 Qh4 24. Nf3 Qh5 25. Be6 Rg7 26. Bxg4 Rxg4 27. d4 Bf8 28. c4 Ne7 29. Ne5 Rg5 30. Qxh5 Rxh5 31. Nd7+ Kc8 32. Nxf8 Ng6 33. Nxg6 hxg6 34. Rxf4 g5 35. Rf7 b5 36. Raf1 Rh6 37. Rg7 Kb8 38. Rff7 Rc6 39. Rxc7 Rxc7 40. Rxc7 Kxc7 41. e5 Kd7 42. d5 1-0